[Event "33rd Rilton Cup"]
[Site "Stockholm SWE"]
[Date "2003.12.27"]
[Round "1"]
[White "Malysheva,P"]
[Black "Ivanov,Se1"]
[Result "0-1"]
[WhiteElo "2194"]
[BlackElo "2556"]
[EventDate "2003.12.27"]

1. e4 e6 2. d4 d5 3. e5 c5 4. c3 Qb6 5. Nf3 Nc6 6. a3 Nh6 7. b4 cxd4 8.
cxd4 Nf5 9. Bb2 Be7 10. Bd3 a5 11. Qa4 O-O 12. b5 Bd7 13. g4 Nh4 14. Nxh4
Bxh4 15. O-O f6 16. Ra2 Na7 17. Qc2 Rac8 18. Bc3 fxe5 19. Bxh7+ Kh8 20. Qd3
e4 21. Qh3 g5 22. Bg6 Kg7 23. Bh5 Rf3 24. Qg2 Rcxc3 25. Nxc3 Rxc3 26. f4
Bxb5 27. Rd1 Qxd4+ 0-1

[Event "33rd Rilton Cup"]
[Site "Stockholm SWE"]
[Date "2003.12.27"]
[Round "1"]
[White "Lindh,F"]
[Black "Acs,P"]
[Result "0-1"]
[WhiteElo "2196"]
[BlackElo "2593"]
[EventDate "2003.12.27"]

1. e4 c5 2. Nf3 d6 3. d4 cxd4 4. Nxd4 Nf6 5. Nc3 Nc6 6. Bg5 e6 7. Qd2 a6 8.
O-O-O Bd7 9. Kb1 h6 10. Bxf6 Qxf6 11. Nxc6 Bxc6 12. f4 Be7 13. Bd3 Qd4 14.
Qe1 Qc5 15. e5 dxe5 16. fxe5 O-O 17. Qg3 Rad8 18. Rhf1 Rd4 19. Ne2 Rd5 20.
Nf4 Rxe5 21. h4 Bf6 22. Nh5 Rxh5 23. Rxf6 Kh8 24. Rf4 Re5 25. Rdf1 Qe3 26.
Qxe3 Rxe3 27. g4 e5 28. R4f2 e4 29. Bc4 Rf3 30. g5 hxg5 31. hxg5 Kh7 32.
Bxf7 R8xf7 0-1

[Event "33rd Rilton Cup"]
[Site "Stockholm SWE"]
[Date "2003.12.27"]
[Round "1"]
[White "Berkes,F"]
[Black "Stokke,K"]
[Result "1-0"]
[WhiteElo "2616"]
[BlackElo "2197"]
[EventDate "2003.12.27"]

1. d4 Nf6 2. c4 g6 3. Nc3 Bg7 4. Nf3 O-O 5. g3 d6 6. Bg2 c6 7. O-O Qb6 8.
h3 Qa6 9. b3 b5 10. Bg5 bxc4 11. bxc4 Qxc4 12. Rc1 Ba6 13. e4 h6 14. Bd2 e5
15. dxe5 dxe5 16. Nd5 cxd5 17. Rxc4 Bxc4 18. Nxe5 Bxf1 19. Kxf1 Nxe4 20.
Bb4 Rd8 21. Nxf7 Nc6 22. Nxd8 Rxd8 23. Ba5 1-0

[Event "33rd Rilton Cup"]
[Site "Stockholm SWE"]
[Date "2003.12.27"]
[Round "1"]
[White "Andersson,G1"]
[Black "Nataf,IA"]
[Result "0-1"]
[WhiteElo "2194"]
[BlackElo "2561"]
[EventDate "2003.12.27"]

1. e4 c5 2. Nf3 Nc6 3. d4 cxd4 4. Nxd4 e5 5. Nb5 d6 6. c4 Be7 7. N1c3 a6 8.
Na3 f5 9. exf5 Bxf5 10. Bd3 Be6 11. Nc2 Nf6 12. Ne3 O-O 13. O-O Qd7 14.
Ncd5 Rae8 15. Nxe7+ Rxe7 16. b3 Ref7 17. Bb2 Kh8 18. Qd2 Nh5 19. Rad1 Nf4
20. Be4 Nd4 21. Rde1 Nf5 22. Nxf5 Bxf5 23. Bxf5 Qxf5 24. Re3 Qg5 25. g3
Nh3+ 26. Kg2 Rxf2+ 27. Rxf2 Rxf2+ 28. Qxf2 Nxf2 29. Kxf2 Qf5+ 30. Rf3 Qc2+
31. Ke3 h6 32. Rf2 Qd1 33. Rd2 Qe1+ 34. Re2 Qa5 35. Ba1 Qa3 36. Bc3 b5 37.
Kd3 Qc5 38. Rd2 Kg8 39. Re2 Kf7 40. Bb2 Ke6 41. Bc3 Qg1 42. Kd2 Kd7 43.
cxb5 axb5 44. Kc2 Qc5 45. Kd3 b4 46. Bb2 Qb5+ 47. Ke3 Qa5 48. Ba1 Qc5+ 49.
Kd2 Qg1 50. Bb2 Qb1 0-1

[Event "33rd Rilton Cup"]
[Site "Stockholm SWE"]
[Date "2003.12.27"]
[Round "1"]
[White "Henriksson,J"]
[Black "Kulaots,K"]
[Result "0-1"]
[WhiteElo "2187"]
[BlackElo "2530"]
[EventDate "2003.12.27"]

1. d4 Nf6 2. c4 e6 3. Nc3 Bb4 4. e3 O-O 5. Nge2 d5 6. a3 Be7 7. Nf4 c6 8.
Bd3 a6 9. O-O b5 10. b3 Nbd7 11. Bb2 Bd6 12. Nfe2 bxc4 13. bxc4 dxc4 14.
Bxc4 c5 15. Na4 cxd4 16. Qxd4 Qc7 17. Ng3 Be5 18. Qh4 Bb7 19. Rfc1 Bxb2 20.
Nxb2 Rac8 21. Rd1 Bxg2 22. Kxg2 Qb7+ 23. e4 Qxb2 24. Bxa6 Rc2 25. Qf4 Ne5
26. Be2 Ng6 27. Qe3 Qe5 28. Qd4 Qg5 29. Kf1 Qh4 30. Kg1 Nf4 31. Bf3 Nh3+
32. Kf1 Rxf2+ 33. Qxf2 Nxf2 34. Kxf2 Qxh2+ 35. Bg2 Ng4+ 36. Kf3 Ne5+ 37.
Kf2 Qh4 0-1

[Event "33rd Rilton Cup"]
[Site "Stockholm SWE"]
[Date "2003.12.27"]
[Round "1"]
[White "Korchnoi,V"]
[Black "Norberg,J"]
[Result "1-0"]
[WhiteElo "2580"]
[BlackElo "2195"]
[EventDate "2003.12.27"]

1. d4 g6 2. e4 Bg7 3. Nf3 d6 4. Bc4 c6 5. O-O d5 6. exd5 cxd5 7. Bd3 Nf6 8.
Re1 O-O 9. c3 Nc6 10. Bf4 Nh5 11. Be3 Qd6 12. Nbd2 f5 13. Nb3 f4 14. Bd2
Bg4 15. Be2 Nf6 16. Ng5 Bc8 17. c4 Ne4 18. c5 Qf6 19. Nxe4 dxe4 20. Bc4+
Kh8 21. Rxe4 Bf5 22. Rxf4 g5 23. Rf3 Nxd4 24. Rg3 Bc2 25. Qe1 Nxb3 26. Bxb3
Qxb2 27. Rc1 Bg6 28. Rxg5 Rad8 29. Bc3 Bxc3 30. Qxc3+ Qxc3 31. Rxc3 Rd2 32.
f3 Rfd8 33. Re3 R8d7 34. h4 1-0

[Event "33rd Rilton Cup"]
[Site "Stockholm SWE"]
[Date "2003.12.27"]
[Round "1"]
[White "Nyback,T"]
[Black "Norberg,E"]
[Result "1-0"]
[WhiteElo "2497"]
[BlackElo "2177"]
[EventDate "2003.12.27"]

1. Nf3 g6 2. c4 Bg7 3. e4 e5 4. d4 exd4 5. Nxd4 Nc6 6. Be3 Nf6 7. Nc3 O-O
8. Be2 Re8 9. f3 Nh5 10. Nxc6 bxc6 11. g4 Nf6 12. Qd2 Qe7 13. Rd1 d6 14.
O-O Be6 15. Bd4 h6 16. Be3 Kh7 17. Rf2 Rad8 18. g5 Ng8 19. h4 f5 20. gxh6
Bxh6 21. Bg5 Bxg5 22. hxg5 Qf7 23. Qd4 1-0

[Event "33rd Rilton Cup"]
[Site "Stockholm SWE"]
[Date "2003.12.27"]
[Round "1"]
[White "Fontaine,R"]
[Black "Palmblad,J"]
[Result "1-0"]
[WhiteElo "2526"]
[BlackElo "2182"]
[EventDate "2003.12.27"]

1. e4 c5 2. Nf3 Nc6 3. d4 cxd4 4. Nxd4 Nf6 5. Nc3 e5 6. Ndb5 d6 7. Bg5 a6
8. Na3 b5 9. Nd5 Be7 10. Bxf6 Bxf6 11. c3 Bg5 12. Nc2 O-O 13. a4 bxa4 14.
Rxa4 Bb7 15. Bc4 Na5 16. Ba2 Bc6 17. Ra3 Nb7 18. b4 a5 19. O-O axb4 20.
cxb4 Bb5 21. Re1 Ba4 22. Qe2 Bd7 23. Rxa8 Qxa8 24. Bb3 Nd8 25. Ra1 Qb7 26.
h4 Bb5 27. Qg4 Bh6 28. Qc8 Qxc8 29. Ne7+ Kh8 30. Nxc8 Nb7 31. Nb6 g6 32.
Bd5 Nd8 33. Nc8 f5 34. Nxd6 Bd3 35. Ne1 fxe4 36. Ra8 Ne6 37. Rxf8+ Nxf8 38.
Nxe4 Bxe4 39. Bxe4 Bd2 40. Nd3 Kg7 41. b5 Kf6 42. b6 Nd7 43. b7 Ba5 44. g4
Bc7 45. g5+ Ke6 46. Kg2 Kd6 47. Kf3 Ke6 48. Kg4 Bd6 49. h5 Kf7 50. h6 Kg8
51. Bd5+ Kf8 52. f3 Ke7 53. Bg8 Kf8 54. Be6 Nb8 55. Nf2 Ke7 56. Bg8 Nd7 57.
Ne4 Bb8 58. Bd5 Bc7 59. Bc6 Nb6 60. Nf6 Nc4 61. Nxh7 1-0

[Event "33rd Rilton Cup"]
[Site "Stockholm SWE"]
[Date "2003.12.27"]
[Round "1"]
[White "Johansson,V"]
[Black "Lobron,E"]
[Result "0-1"]
[WhiteElo "2177"]
[BlackElo "2497"]
[EventDate "2003.12.27"]

1. d4 Nf6 2. c4 e6 3. Nc3 Bb4 4. e3 O-O 5. Bd3 d5 6. Nf3 c5 7. O-O Nc6 8.
a3 Bxc3 9. bxc3 Re8 10. Qc2 Na5 11. Ne5 b6 12. Rd1 Qc7 13. f3 Ba6 14. cxd5
Bxd3 15. Qxd3 exd5 16. Rb1 Re6 17. Bd2 Rae8 18. Be1 Nc6 19. Bg3 Nh5 20.
Nxc6 Qxc6 21. Bf2 c4 22. Qf5 g6 23. Qc2 f5 24. a4 Qd7 25. g3 Nf6 26. Rb4
R6e7 27. Rdb1 g5 28. Rb5 g4 29. a5 gxf3 30. axb6 axb6 31. Rxb6 Ne4 32. Re1
f4 33. Rbb1 Qh3 0-1

[Event "33rd Rilton Cup"]
[Site "Stockholm SWE"]
[Date "2003.12.27"]
[Round "1"]
[White "Berg,E"]
[Black "Paaske,A"]
[Result "1-0"]
[WhiteElo "2489"]
[BlackElo "2165"]
[EventDate "2003.12.27"]

1. e4 c5 2. Nf3 Nc6 3. d4 cxd4 4. Nxd4 Nf6 5. Nc3 e5 6. Ndb5 d6 7. Bg5 a6
8. Na3 b5 9. Bxf6 gxf6 10. Nd5 Bg7 11. g3 Ne7 12. Nxe7 Qxe7 13. Bg2 Be6 14.
c3 Rb8 15. Nc2 h5 16. Nb4 Rb6 17. a4 O-O 18. a5 Rb7 19. Qxh5 Qd7 20. Nxa6
b4 21. Nxb4 Rxb4 22. cxb4 Bg4 23. Qh4 f5 24. O-O Qe6 25. f3 1-0

[Event "33rd Rilton Cup"]
[Site "Stockholm SWE"]
[Date "2003.12.27"]
[Round "1"]
[White "Ask,J"]
[Black "Cramling,P"]
[Result "0-1"]
[WhiteElo "2164"]
[BlackElo "2470"]
[EventDate "2003.12.27"]

1. e4 c5 2. Nf3 e6 3. b3 Nf6 4. Qe2 Nc6 5. g3 d5 6. exd5 Nxd5 7. Bb2 b6 8.
Bg2 Bb7 9. O-O Be7 10. Bxg7 Rg8 11. Bb2 Nf4 12. gxf4 Qd5 13. Nc3 Nd4 14.
Nxd5 Nxe2+ 15. Kh1 Bxd5 16. Be5 f6 17. Rae1 O-O-O 18. Rxe2 Rxg2 19. Re3
Rdg8 20. Bc3 Bd6 21. Bxf6 Bxf4 0-1

[Event "33rd Rilton Cup"]
[Site "Stockholm SWE"]
[Date "2003.12.27"]
[Round "1"]
[White "Andersson,Fred2"]
[Black "Brynell,S"]
[Result "0-1"]
[WhiteElo "2157"]
[BlackElo "2462"]
[EventDate "2003.12.27"]

1. e4 e6 2. d4 d5 3. Nc3 Nf6 4. e5 Nfd7 5. f4 c5 6. Nf3 Nc6 7. Be3 cxd4 8.
Nxd4 Bc5 9. Qd2 O-O 10. g3 a6 11. Bg2 Nxd4 12. Bxd4 b5 13. O-O Qc7 14. Ne2
Bb7 15. c3 Rac8 16. Rac1 f6 17. exf6 Nxf6 18. Qe3 Qd6 19. Bxc5 Rxc5 20. Qe5
Qb6 21. Nd4 Bc8 22. h3 Bd7 23. Kh2 Re8 24. Rfe1 a5 25. g4 h6 26. Bf3 b4 27.
g5 hxg5 28. fxg5 Ne4 29. cxb4 Qxb4 30. Rxc5 Nxc5 31. Re2 Nd3 32. Qc7 Qxd4
33. Qxd7 Qf4+ 34. Kg1 Qxg5+ 35. Rg2 Qe7 36. Qb5 Ne1 37. Rg3 Nxf3+ 38. Rxf3
Rc8 39. Qxa5 Qg5+ 40. Kf2 Rc2+ 41. Ke1 Qc1+ 0-1

[Event "33rd Rilton Cup"]
[Site "Stockholm SWE"]
[Date "2003.12.27"]
[Round "1"]
[White "Bezold,M"]
[Black "Lonngren,T"]
[Result "1-0"]
[WhiteElo "2456"]
[BlackElo "2155"]
[EventDate "2003.12.27"]

1. b3 Nf6 2. Bb2 e6 3. g3 c5 4. Bg2 Be7 5. c4 O-O 6. e4 d6 7. Ne2 Nc6 8.
O-O Qc7 9. Nbc3 a6 10. Rc1 Rb8 11. d4 cxd4 12. Nd5 exd5 13. cxd5 Qb6 14.
dxc6 bxc6 15. Nxd4 c5 16. e5 cxd4 17. Bxd4 Qd8 18. exf6 Bxf6 19. Rc6 Be5
20. Rc4 Bb7 21. Bxb7 Rxb7 22. Ra4 Bxd4 23. Qxd4 Rb6 24. Re1 Qc7 25. Qd3 Qb7
26. Rae4 Qc6 27. Rc4 Qb5 28. Qc3 Rbb8 29. Rd1 Qf5 30. Rf4 Qg6 31. Qc6 Rfd8
32. Rfd4 a5 33. Rxd6 Rxd6 34. Qxd6 Qxd6 35. Rxd6 g6 36. Rd4 Rb5 37. h4 h5
38. Kf1 Kg7 39. Rf4 Kf8 40. Ke2 Ke7 41. Kd3 f6 42. Kc4 Rb8 43. Kc5 Rc8+ 44.
Kb5 Rc2 45. a4 Rc3 46. b4 axb4 47. Kxb4 Rc2 48. a5 Ke6 49. a6 g5 50. Rf3
Ke5 51. a7 Rc8 52. Kb5 gxh4 53. gxh4 f5 54. Ra3 Kf4 55. a8=Q Rxa8 56. Rxa8
Kg4 57. Rg8+ Kxh4 58. f4 Kh3 59. Rg5 h4 60. Kc4 Kh2 61. Rxf5 1-0

[Event "33rd Rilton Cup"]
[Site "Stockholm SWE"]
[Date "2003.12.27"]
[Round "1"]
[White "Ernst,T"]
[Black "Miloradovic,J"]
[Result "1-0"]
[WhiteElo "2447"]
[BlackElo "2149"]
[EventDate "2003.12.27"]

1. e4 c6 2. d4 Na6 3. c4 Nc7 4. Nc3 g6 5. Nf3 Bg7 6. Bf4 d6 7. Be2 Bg4 8.
Qd2 Ne6 9. Be3 c5 10. d5 Nc7 11. O-O Rb8 12. a4 a6 13. Rab1 f5 14. b4 Nf6
15. bxc5 fxe4 16. Ng5 dxc5 17. Bxg4 Nxg4 18. Bxc5 b6 19. Be3 Qd6 20. g3 Ne5
21. Ncxe4 Qd7 22. Bd4 O-O 23. Qc3 Nxd5 24. cxd5 Qxd5 25. Bxe5 Bxe5 26. Qb3
1-0

[Event "33rd Rilton Cup"]
[Site "Stockholm SWE"]
[Date "2003.12.27"]
[Round "1"]
[White "Braun,A"]
[Black "Nordlund,J"]
[Result "1-0"]
[WhiteElo "2440"]
[BlackElo "2145"]
[EventDate "2003.12.27"]

1. d4 d6 2. c4 e5 3. Nf3 e4 4. Ng5 f5 5. g3 Be7 6. h4 c6 7. Nc3 Nf6 8. Bg2
O-O 9. O-O Na6 10. Qb3 Nc7 11. Rd1 h6 12. Nh3 d5 13. Nf4 Kh7 14. cxd5 Ncxd5
15. Nfxd5 Nxd5 16. Nxd5 Qxd5 17. Qc2 Be6 18. Bf4 Rac8 19. b3 Rfd8 20. f3
exf3 21. Bxf3 Qd7 22. Be5 Bd5 23. Rf1 Rf8 24. e4 Bxe4 25. Bxe4 fxe4 26.
Qxe4+ g6 27. h5 Qe6 28. g4 Rxf1+ 29. Rxf1 Rf8 30. Rxf8 Bxf8 31. Kf2 Bg7 32.
Kg3 Bxe5+ 33. dxe5 Kg7 34. hxg6 Qxg6 35. Qd4 Qe6 36. Qd6 Qd5 37. Kf4 Qf7+
38. Ke3 Qf1 39. Qc7+ Kg8 40. Qb8+ 1-0

[Event "33rd Rilton Cup"]
[Site "Stockholm SWE"]
[Date "2003.12.27"]
[Round "1"]
[White "Ullen,J"]
[Black "Gagarin,V"]
[Result "0-1"]
[WhiteElo "2140"]
[BlackElo "2439"]
[EventDate "2003.12.27"]

1. e4 c5 2. c3 d5 3. exd5 Qxd5 4. d4 Nf6 5. Nf3 e6 6. Be2 cxd4 7. cxd4 Nc6
8. O-O Be7 9. Nc3 Qd6 10. Bg5 O-O 11. Qd2 b6 12. Rfd1 Bb7 13. Bf4 Qd8 14.
Ne5 Nb4 15. a3 Nbd5 16. Bf3 Rc8 17. Ne2 Rc7 18. Bg3 Ne8 19. Qd3 Bg5 20. Bg4
f5 21. Bh3 f4 22. Bxe6+ Kh8 23. Nxf4 Bxf4 24. Qf3 Rf6 25. Qg4 Bc8 26. Bxc8
Qxc8 27. Qxc8 Rxc8 28. Bxf4 Nxf4 29. d5 Nd6 30. Kf1 Rc2 31. Ng4 Rf8 32. g3
Nh3 33. f4 Nxf4 0-1

[Event "33rd Rilton Cup"]
[Site "Stockholm SWE"]
[Date "2003.12.27"]
[Round "1"]
[White "Fries Nielsen,JO"]
[Black "Aabling Thomsen,J"]
[Result "1-0"]
[WhiteElo "2436"]
[BlackElo "2138"]
[EventDate "2003.12.27"]

1. d4 Nf6 2. Nf3 e6 3. e3 b6 4. Bd3 Bb7 5. O-O Be7 6. b3 Ne4 7. Bb2 O-O 8.
c4 f5 9. Nbd2 d6 10. Qc2 Nxd2 11. Nxd2 g6 12. e4 Bf6 13. Nf3 Nd7 14. Rfe1
Rf7 15. Rad1 Qf8 16. d5 exd5 17. exf5 gxf5 18. Bxf6 Rxf6 19. cxd5 Nc5 20.
b4 Nxd3 21. Rxd3 Qg7 22. Nd4 Raf8 23. Rg3 Rg6 24. Nxf5 1-0

[Event "33rd Rilton Cup"]
[Site "Stockholm SWE"]
[Date "2003.12.27"]
[Round "1"]
[White "Martinsen,S"]
[Black "Kiik,K"]
[Result "1/2-1/2"]
[WhiteElo "2136"]
[BlackElo "2433"]
[EventDate "2003.12.27"]

1. f4 d5 2. Nf3 Nc6 3. d3 g6 4. g3 Bg7 5. Bg2 Nf6 6. O-O O-O 7. c3 a5 8.
Qe1 a4 9. Na3 d4 10. Nc2 dxc3 11. bxc3 Nd5 12. Bd2 Bg4 13. Rb1 Rb8 14. c4
Nb6 15. Bc3 f6 16. Nfd4 Nxd4 17. Bxd4 Kh8 18. h3 Bd7 19. c5 Na8 20. Qc3 c6
21. Qb4 Nc7 22. Qxa4 Be6 23. a3 Nb5 24. Ba1 Qd7 25. Kh2 Ba2 26. Rbc1 Ra8
27. Qb4 Ra7 28. Bb2 Rfa8 29. Ra1 Ra4 30. Qd2 Bg8 31. Qe3 Bb3 32. Qd2 Qf5
33. Rfc1 Qd7 34. Qe3 Bxc2 35. Rxc2 Nxa3 36. Bxa3 Rxa3 37. Rb1 f5 38. Rc4 h6
39. Rcb4 R8a7 40. R4b3 Ra2 41. Rb4 Kh7 42. R1b3 e6 43. Bf3 R2a4 44. Qc1 h5
45. Qc4 Ra1 46. d4 Rd1 47. Rd3 Rxd3 48. Qxd3 Qc7 49. h4 Qd7 50. Qc4 Ra3 51.
Kg2 Kg8 52. Kf2 Bf6 1/2-1/2

[Event "33rd Rilton Cup"]
[Site "Stockholm SWE"]
[Date "2003.12.28"]
[Round "2"]
[White "Gullaksen,E"]
[Black "Berkes,F"]
[Result "1-0"]
[WhiteElo "2370"]
[BlackElo "2616"]
[EventDate "2003.12.27"]

1. e4 e6 2. d4 d5 3. Nc3 Bb4 4. e5 Ne7 5. a3 Bxc3+ 6. bxc3 c5 7. Qg4 Qc7 8.
Bd3 c4 9. Be2 Nf5 10. Nf3 Nc6 11. Nh4 Nce7 12. Nxf5 Nxf5 13. h4 Bd7 14. h5
O-O-O 15. Qf3 Qa5 16. Bd2 Rdf8 17. g4 Nh6 18. Bg5 Ng8 19. h6 gxh6 20. Bxh6
Nxh6 21. Rxh6 Qb6 22. Kd2 Qb2 23. Qh1 Qb6 24. f4 Qd8 25. g5 Rfg8 26. Rxh7
Rxh7 27. Qxh7 Rxg5 28. Rh1 Rg8 29. Qxf7 Rf8 30. Qg7 Kc7 31. Ke3 Rg8 32. Qf7
Rf8 33. Qg7 Rg8 34. Qf6 Qe8 35. Rh7 Kb6 36. f5 Bc6 37. Qxe6 Qf8 38. Kf4 Rg2
39. Bf3 Rf2 40. Ke3 Rxf3+ 41. Kxf3 Qxa3 42. f6 Qxc3+ 43. Kg4 Qxd4+ 44. Kh5
Qe4 45. Kh6 d4 46. f7 Qf4+ 47. Kg7 Qg5+ 48. Qg6 1-0

[Event "33rd Rilton Cup"]
[Site "Stockholm SWE"]
[Date "2003.12.28"]
[Round "2"]
[White "Edlund,R"]
[Black "Gligoric,S"]
[Result "1/2-1/2"]
[WhiteElo "2227"]
[BlackElo "2454"]
[EventDate "2003.12.27"]

1. d4 f5 2. g3 Nf6 3. Bg2 g6 4. c3 Bg7 5. Qb3 Nc6 6. Nd2 e6 7. Nh3 Qe7 8.
Nf4 Nd8 9. O-O O-O 10. e4 fxe4 11. Nxe4 Nxe4 12. Bxe4 d5 13. Bg2 c5 14.
dxc5 Qxc5 15. Be3 Qa5 16. Rfe1 Kh8 17. Qd1 Nc6 18. h4 Qd8 19. Nd3 e5 20.
Bg5 Qd6 21. Qd2 Bf5 22. Rad1 Bg4 23. Rc1 Bf3 24. Bh6 Rf7 25. Bxg7+ Kxg7 26.
Re3 Bxg2 27. Kxg2 Raf8 28. f4 exf4 29. Nxf4 Rxf4 30. gxf4 Qxf4 31. Rce1 Rf5
32. Re7+ Nxe7 33. Rxe7+ Kh6 34. Qxf4+ Rxf4 35. Kg3 Ra4 1/2-1/2

[Event "33rd Rilton Cup"]
[Site "Stockholm SWE"]
[Date "2003.12.28"]
[Round "2"]
[White "Acs,P"]
[Black "Hjelm,N"]
[Result "1/2-1/2"]
[WhiteElo "2593"]
[BlackElo "2350"]
[EventDate "2003.12.27"]

1. e4 e5 2. Nf3 Nc6 3. Bb5 Nf6 4. O-O Nxe4 5. d4 Nd6 6. Bxc6 dxc6 7. dxe5
Nf5 8. Qxd8+ Kxd8 9. Nc3 Ne7 10. Rd1+ Ke8 11. h3 Ng6 12. a3 Bd7 13. Be3 Be7
14. Rd2 a5 15. Re1 Rd8 16. Kh2 h5 17. Red1 Bc8 18. g3 Rxd2 19. Rxd2 f6 20.
exf6 gxf6 21. Ne2 Bd6 22. Nf4 Nxf4 23. Bxf4 Bxf4 24. gxf4 Rg8 25. Nd4 Bd7
26. Ne2 Be6 27. Rd3 Kf7 28. Nd4 Bc8 29. c3 Rd8 30. b4 axb4 31. axb4 Rd5 32.
Kg3 c5 33. bxc5 Rxc5 34. Ne2 Be6 35. Rd4 Rb5 36. Re4 Bd5 37. Re3 Bc4 38.
Nd4 Rd5 39. f5 Ra5 40. Ne6 c6 41. Re4 Bd5 42. Rb4 b5 43. Nf4 Bc4 44. Rb1
Ra3 45. Kh4 Rxc3 46. Kxh5 Bd3 47. Nxd3 Rxd3 48. Rc1 Rd5 49. Rxc6 Rxf5+ 50.
Kg4 Rxf2 51. h4 Kg6 52. h5+ Kh6 53. Rb6 Rg2+ 54. Kh4 Rh2+ 55. Kg4 Rxh5 56.
Rxf6+ Kg7 57. Rf5 Rxf5 58. Kxf5 b4 1/2-1/2

[Event "33rd Rilton Cup"]
[Site "Stockholm SWE"]
[Date "2003.12.28"]
[Round "2"]
[White "Nataf,IA"]
[Black "Hansen,TR"]
[Result "0-1"]
[WhiteElo "2561"]
[BlackElo "2335"]
[EventDate "2003.12.27"]

1. e4 c6 2. d4 d5 3. Nd2 dxe4 4. Nxe4 Bf5 5. Ng3 Bg6 6. Bc4 e6 7. N1e2 Nf6
8. O-O Nbd7 9. f4 Nb6 10. Bd3 Bxd3 11. Qxd3 Bd6 12. f5 e5 13. Bg5 Qc7 14.
Ne4 Nbd7 15. Bxf6 Nxf6 16. Nxd6+ Qxd6 17. Qg3 O-O-O 18. Qxe5 Qb4 19. Qg3
Rhe8 20. Qd3 Ng4 21. f6 Nxf6 22. a3 Qd6 23. c3 g6 24. Nf4 Ng4 25. h3 Ne3
26. Rf3 Nf5 27. Qf1 Re4 28. Re1 Rde8 29. Rxe4 Rxe4 30. Nd3 h5 31. Ne5 Nxd4
32. cxd4 Qxd4+ 33. Qf2 0-1

[Event "33rd Rilton Cup"]
[Site "Stockholm SWE"]
[Date "2003.12.28"]
[Round "2"]
[White "Sjoberg,M"]
[Black "Schlosser,P"]
[Result "0-1"]
[WhiteElo "2329"]
[BlackElo "2560"]
[EventDate "2003.12.27"]

1. d4 e6 2. Nf3 c5 3. c4 cxd4 4. Nxd4 Nf6 5. g3 a6 6. Bg2 Qc7 7. Nd2 Be7 8.
O-O d6 9. b3 O-O 10. Bb2 Bd7 11. Rc1 Nc6 12. N2f3 Rac8 13. Qd3 h6 14. e4
Rfd8 15. Qe2 Qa5 16. a3 b5 17. b4 Qa4 18. cxb5 axb5 19. Nxc6 Bxc6 20. Nd4
Be8 21. Rfe1 e5 22. Nf5 Bf8 23. f4 Nd7 24. Ne3 exf4 25. gxf4 Nb6 26. Bh3
Rxc1 27. Rxc1 Qb3 28. Rc3 Qa2 29. Rc2 Na4 30. Bd4 Qxa3 31. Qg4 Qd3 32. Nf5
g6 33. Rc7 Qxe4 34. Qh4 g5 35. Qh5 Qxf4 0-1

[Event "33rd Rilton Cup"]
[Site "Stockholm SWE"]
[Date "2003.12.28"]
[Round "2"]
[White "Hillarp Persson,T"]
[Black "Winge,S"]
[Result "1-0"]
[WhiteElo "2512"]
[BlackElo "2284"]
[EventDate "2003.12.27"]

1. d4 Nf6 2. c4 g6 3. f3 d5 4. cxd5 Nxd5 5. e4 Nb6 6. Nc3 Bg7 7. Be3 O-O 8.
Qd2 Nc6 9. O-O-O e5 10. d5 Nd4 11. f4 c5 12. fxe5 Bg4 13. Re1 Bxe5 14. h3
Bd7 15. Nf3 Nxf3 16. gxf3 Qf6 17. Be2 Na4 18. Nxa4 Bxa4 19. Kb1 Rac8 20.
Rc1 Qb6 21. h4 Bb5 22. h5 Bxb2 23. Qxb2 Bxe2 24. Rh3 Qxb2+ 25. Kxb2 b6 26.
Bh6 Rfe8 27. Bg5 Rc7 28. Bf6 Rd7 29. Rch1 b5 30. hxg6 fxg6 31. e5 Rf7 32.
f4 Bg4 33. Rg3 Bf5 34. Bg5 Rd7 35. Rd1 Be4 36. d6 c4 37. Kc3 a5 38. Kd4 Bf5
39. Bf6 Be6 40. Rh1 Rf8 41. Rg5 Bf5 42. Rxf5 gxf5 43. Rg1+ Kf7 44. Kd5 c3
45. Rg7+ Ke8 46. Rxd7 Kxd7 47. e6+ Kc8 48. d7+ Kc7 49. Be5+ 1-0

[Event "33rd Rilton Cup"]
[Site "Stockholm SWE"]
[Date "2003.12.28"]
[Round "2"]
[White "Lindberg,Bo"]
[Black "Nyback,T"]
[Result "1/2-1/2"]
[WhiteElo "2294"]
[BlackElo "2497"]
[EventDate "2003.12.27"]

1. d4 Nf6 2. Nf3 e6 3. g3 b5 4. Bg2 Bb7 5. O-O c5 6. c3 cxd4 7. cxd4 Be7 8.
a4 b4 9. Nbd2 O-O 10. Nb3 d5 11. Bg5 Nbd7 12. Rc1 Bd6 13. Bf4 Qb8 14. Na5
Bxf4 15. gxf4 Ba6 16. Ne5 Qb6 17. Nac6 Bb7 18. f5 Rfe8 19. a5 Qb5 20. Qd3
Bxc6 21. Rxc6 Qxa5 22. Rfc1 Qd8 23. Bh3 exf5 24. Qxf5 Nxe5 25. dxe5 Ne4 26.
Bg2 Qg5 27. Qxg5 Nxg5 28. Bxd5 Rad8 29. Rd6 Kf8 30. Rc7 Rc8 31. Rxa7 Rxe5
32. h4 Ne6 33. Rdd7 Nd8 34. Bxf7 Rxe2 35. Bd5 Nc6 36. Rab7 Ne7 37. Kf1 Re5
38. Bb3 Re4 39. f3 Re5 40. Kf2 Ke8 41. f4 Re4 42. Kf3 Re1 43. Ba4 Kf8 44.
Rxb4 Nf5 45. Rbb7 Rf1+ 46. Kg2 Rxf4 47. Bb3 Ke8 48. h5 Re4 49. Bf7+ Kf8 50.
Kf3 Re7 51. Rxe7 Nxe7 52. Be6 Rd8 53. Ke4 Ke8 54. b4 Rd1 55. Rb8+ Rd8 56.
Rxd8+ Kxd8 57. b5 Kc7 58. Ke5 Kb6 59. Kd6 g6 60. h6 Nf5+ 1/2-1/2

[Event "33rd Rilton Cup"]
[Site "Stockholm SWE"]
[Date "2003.12.28"]
[Round "2"]
[White "Marttala,T"]
[Black "Ernst,T"]
[Result "1/2-1/2"]
[WhiteElo "2227"]
[BlackElo "2447"]
[EventDate "2003.12.27"]

1. d4 Nf6 2. c4 e6 3. Nf3 c5 4. Nc3 cxd4 5. Nxd4 Nc6 6. g3 Qb6 7. Nb3 Ne5
8. e4 Bb4 9. Qe2 O-O 10. f4 Nc6 11. e5 Ne8 12. Be3 Qc7 13. Qc2 d6 14. O-O-O
dxe5 15. Bg2 Nd4 16. Bxd4 exd4 17. Rxd4 Bd7 18. Rhd1 Nf6 19. Ne4 Ba4 20.
Nxf6+ gxf6 21. f5 Rad8 22. fxe6 fxe6 23. Rxd8 Rxd8 24. Rxd8+ Qxd8 25. Bxb7
Qb6 26. Qg2 Qe3+ 27. Kc2 f5 28. Bc6 Bxc6 29. Qxc6 Qe2+ 30. Kc1 Qe1+ 31. Kc2
Qe2+ 32. Kc1 1/2-1/2

[Event "33rd Rilton Cup"]
[Site "Stockholm SWE"]
[Date "2003.12.28"]
[Round "2"]
[White "Andersson,Bj2"]
[Black "Fries Nielsen,JO"]
[Result "1/2-1/2"]
[WhiteElo "2212"]
[BlackElo "2436"]
[EventDate "2003.12.27"]

1. e4 c5 2. Nf3 e6 3. d4 cxd4 4. Nxd4 a6 5. c4 Nf6 6. Nc3 Qc7 7. Be2 Bb4 8.
Qc2 Qe5 9. Be3 Qxe4 10. Bd3 Qe5 11. Nf3 Qc7 12. O-O Ng4 13. Bg5 Nc6 14. Nd5
Qb8 15. Rfe1 Bc5 16. Bf4 d6 17. Bg3 Nge5 18. Nxe5 dxe5 19. Nc3 Nb4 20. Qb1
Nxd3 21. Qxd3 f6 22. Rad1 O-O 23. Re4 Be7 24. Qe2 b5 25. cxb5 axb5 26. a3
b4 27. axb4 Bxb4 28. h3 Ra7 29. Red4 Qb6 30. Rh4 g6 1/2-1/2

[Event "33rd Rilton Cup"]
[Site "Stockholm SWE"]
[Date "2003.12.28"]
[Round "2"]
[White "Tetenkina,I"]
[Black "Akesson,R"]
[Result "0-1"]
[WhiteElo "2197"]
[BlackElo "2431"]
[EventDate "2003.12.27"]

1. Nf3 Nf6 2. c4 e6 3. g3 b6 4. Bg2 Bb7 5. O-O c5 6. Nc3 Be7 7. Re1 d5 8.
cxd5 exd5 9. d4 O-O 10. Bf4 Nbd7 11. dxc5 Nxc5 12. Nd4 Qd7 13. Rc1 Rac8 14.
b4 Nce4 15. Qb3 Ng4 16. f3 Nxc3 17. Rxc3 Rxc3 18. Qxc3 Nf6 19. a3 Rc8 20.
Qd3 g6 21. Rc1 Ne8 22. Rxc8 Qxc8 23. Be5 Qc1+ 24. Kf2 Bd6 25. Bxd6 Nxd6 26.
Nc2 Nc4 27. Ne3 Qxa3 28. Nxc4 Qxd3 29. exd3 dxc4 30. dxc4 Kf8 31. Ke3 Ke7
32. Bf1 a5 33. c5 axb4 34. cxb6 Kd6 35. Bc4 f6 36. f4 Kc5 37. Bg8 h6 38. h4
Kxb6 39. Kd4 Kb5 40. Bf7 g5 41. hxg5 hxg5 42. fxg5 fxg5 43. Ke5 g4 44. Bb3
Kc5 45. Be6 Bf3 46. Bb3 Be2 47. Ke4 Bc4 48. Bd1 b3 49. Kf4 b2 50. Bc2 Kd4
51. Bb1 Bd3 52. Ba2 Kc3 0-1

[Event "33rd Rilton Cup"]
[Site "Stockholm SWE"]
[Date "2003.12.28"]
[Round "2"]
[White "Malmstig,E"]
[Black "Volke,K"]
[Result "0-1"]
[WhiteElo "2259"]
[BlackElo "2467"]
[EventDate "2003.12.27"]

1. e4 e5 2. f4 exf4 3. Nf3 g5 4. h4 g4 5. Ne5 d6 6. Nxg4 Nf6 7. Nxf6+ Qxf6
8. Nc3 Nc6 9. Bb5 a6 10. Bxc6+ bxc6 11. d4 Bg7 12. e5 dxe5 13. O-O Be6 14.
dxe5 Qxe5 15. Bxf4 Qd4+ 16. Qxd4 Bxd4+ 17. Kh2 Bxc3 18. bxc3 O-O-O 19. a3
Rd5 20. Bg5 h6 21. Be3 Rg8 22. Rad1 Re5 23. Bd4 Ra5 24. Rf6 h5 25. Ra1 Rg4
26. Bf2 Re4 27. Bg3 Rd5 28. Rf2 Rc4 29. Rf3 Rd2 30. Be1 Rxc2 31. Kg1 Re2
32. Rf2 Re3 33. Rf3 Rxf3 34. gxf3 Rf4 35. a4 Rxf3 36. a5 Bd5 37. Rd1 f5 38.
Rd4 Be4 39. c4 Rh3 40. Kf1 c5 41. Rd1 Rh1+ 42. Ke2 f4 43. Rd2 f3+ 44. Kd1
Bd3 45. Rb2 Bxc4 46. Kd2 Be2 47. Rb3 c4 48. Re3 Kd7 49. Rc3 Kc6 50. Re3 Kb5
51. Re5+ Kb4 52. Bg3 c3+ 53. Kc2 Bc4 54. Re4 Rg1 55. Be1 Rg2+ 0-1